Anatomy of the arm - Statistics

General Stats
  • This quiz has been taken 9 times
  • The average score is 3 of 10
Answer Stats
Hint Answer % Correct
Does the ulna participate in the wrist joint? No
67%
What is the olecranon of the ulna? A projection that forms the bump of the elbow
56%
Where is the radius located in relation to the ulna in the forearm? Laterally
56%
What forms the lateral part of the wrist joint? Styloid process of the radius
22%
What is the function of the trochlear notch? To grip around the trochlea of the humerus
22%
What is the function of the radial tuberosity? Attachment point for the biceps brachii muscle
11%
What structures are found at the proximal end of the radius? Head, neck, radial tuberosity
11%
What structure of the ulna allows the radial head to rotate against the ulna's proximal end during pronation and supination? Radial notch
11%
What is the function of the ulnar tuberosity? Serves as the distal attachment point for the brachialis muscle
11%
What allows the radius to pivot around the ulna during pronation and supination of the forearm? Ulnar notch of radius
11%
No matching quizzes found
Score Distribution
Percent of People with Each Score
Percentile by Number Answered
Your Score History
You have not taken this quiz